| 000 | 01202nam a2200337 i 4500 | ||
|---|---|---|---|
| 003 | EG-GICUC | ||
| 005 | 20260507135228.0 | ||
| 008 | 260507s1882 nju||||fr|||| 00| 0 eng d | ||
| 040 |
_aEG-GiCUC _beng _cEG-GiCUC _dEG-GiCUC _erda |
||
| 041 |
_aeng _heng |
||
| 082 | 0 | 4 |
_221 _a343.39 _bBE . P |
| 092 | 0 | 4 | _221 |
| 099 | _aLaw1 10 343.39 BE . P 1882 | ||
| 100 | 1 |
_aBest, W. M. _qWilliam Mawdesley Best _eAuthor. |
|
| 245 | 1 | 4 |
_aThe principles of the law of evidence : _bwith elementary rules for conducting the examination and cross-examination of witnesses / _cby W.M. Best. _nVOL 1, |
| 250 |
_a1st American, from the 6th London ed. of John A. Russell / _bby James Appleton Morgan. |
||
| 264 | 1 |
_aJersey City : _bFrederick D. LIIN & CO., _c1882. |
|
| 300 |
_a526 pages ; _c25 cm. |
||
| 336 |
_2rda content _atext |
||
| 337 |
_2rda media _aComputer |
||
| 338 |
_2rda carrier _aOnline Resource |
||
| 546 | _aText in English | ||
| 650 | 1 | _aCriminal Law | |
| 650 | 1 | _aEvidence | |
| 650 | 1 | _aCriminal proof | |
| 700 | 1 |
_aRussell, John A _eeditor. |
|
| 700 | 1 |
_aMorgan, Appleton _eAuthor. |
|
| 856 | 4 | 0 | _uhttps://fll.law.cu.edu.eg/fulltext/bks/B10-11972.pdf |
| 905 | _a43 | ||
| 942 |
_2ddc _n0 _cBK _e21 |
||
| 999 |
_c76165 _d76165 |
||